Niektoré metódy hodnotenia regionálnej konvergencie

Socioekonomická analýza regiónu je východiskovou aktivitou pri určovaní stratégie rozvoja regiónu. Kvalitná analýza je vstupom do procesu formovania odporúčaní a strategických usmernení na tvorbu rozvojovej politiky regiónov. V analýzach regionálneho rozvoja sa používajú rôzne koncepty a metódy. Reg...

Ausführliche Beschreibung

Gespeichert in:
Bibliographische Detailangaben
1. Verfasser: Jašková, Dana
Format: Buchkapitel
Sprache:Slowakisch
Schlagworte:
Tags: Tag hinzufügen
Keine Tags, Fügen Sie das erste Tag hinzu!

MARC

LEADER 00000naa a2200000 4500
001 0227252
005 20220718121456.9
041 0 |a slo 
044 |a SK 
245 1 0 |a Niektoré metódy hodnotenia regionálnej konvergencie  |c Dana Jašková 
520 |a Socioekonomická analýza regiónu je východiskovou aktivitou pri určovaní stratégie rozvoja regiónu. Kvalitná analýza je vstupom do procesu formovania odporúčaní a strategických usmernení na tvorbu rozvojovej politiky regiónov. V analýzach regionálneho rozvoja sa používajú rôzne koncepty a metódy. Regionálne rozvojové koncepcie sú vždy konfrontované s konvergenciou alebo divergenciou. Využitie ekonometrických techník pri modelovaní ekonomickej konvergencie. Ekonomická konvergencia je chápaná ako proces znižovania rozdielov regionálnych ekonomík. Cieľom je komparácia regionálnych ekonomík Slovenskej republiky s využitím pokročilých štatistických metód. Porovnanie je uskutočnené metódou beta-konvergencie štatistických údajov zatriedených v prierezovej štruktúre. 
610 2 0 |a metódy štatistické 
610 2 0 |a regióny 
610 2 0 |a konvergencia 
610 2 0 |a rozvoj regionálny 
100 1 |a Jašková, Dana